000 00630nam a2200241Ia 4500
003 OSt
005 20221007072348.0
006 a|||||r|||| 00| 0
007 ta
008 221006b |||||||| |||| 00| 0 eng d
024 _a14,375
037 _cTextual
040 _aFLL
_cFLL
_beng
041 _2eng
_aeng
082 _aX:5:Z3, K0
100 _aSchmitthoff Clive M.
245 0 _aCharlesworth's mercantile law
250 _a9th
260 _aLondon
_bStevens & Sons Ltd. London
_c1960
300 _axlii,355p
_ccm.
942 _hX:5:Z3, K0
_cTEXL
_2CC
999 _c1145866
_d1145866